Different Types of Doctors Quiz - Statistics

General Stats
  • This quiz has been taken 122 times
  • The average score is 8 of 16
Answer Stats
Hint Doctor % Correct
Kids Pediatrician
86%
Hearts Cardiologist
77%
Skin, Nails, Hair Dermatologist
70%
Cancer Oncologist
68%
Brains Neurologist
67%
X-rays, MRI's, etc. Radiologist
65%
Mental Health Psychiatrist
62%
Allergies Allergist
48%
Glands Endocrinologist
42%
Breathing Pulmonologist
42%
Digestive System Gastroenterologist
36%
Kidneys Nephrologist
32%
Eyes Ophthalmologist
27%
Pain Medicine, Sleeping Medicine Anesthesiologist
22%
Bones, Joints, Muscles Rheumatologist
20%
Ears, Noses, Throats Otolaryngologist
15%
No matching quizzes found
Score Distribution
Percent of People with Each Score
Percentile by Number Answered
Your Score History
You have not taken this quiz